| 000 | 00371nam a2200145Ia 4500 | ||
|---|---|---|---|
| 008 | 230917s9999||||xx |||||||||||||| ||und|| | ||
| 040 |
_e54793 _aMAIN |
||
| 041 | _aEnglish | ||
| 082 | _a944.034 C652B:C | ||
| 100 | _aButler, Rohan | ||
| 245 | 0 | _aChioseul. V1: Father and son 1719-1754 | |
| 260 |
_aOxford _bClarendon Press _c1980 |
||
| 300 | _axxv, 1133 p. | ||
| 942 | _cBK | ||
| 999 |
_c44368 _d44368 |
||